000 00351nam a2200169Ia 4500
008 240510s9999 xx 000 0 und d
041 _atam
082 _a300
082 _bM29
100 _aMEYER, Joyce
245 0 _aLife Without Strife
260 _bIndia:Word of Christ
260 _c0
300 _a267 p.
942 _2ddc
942 _cLBK
999 _c28623
_d28623
945 _a1
_bMadushi Gamage
_c1
_dMadushi Gamage